[Event "Irish International Open 2019"]
[Site "Dublin IRL"]
[Date "2019.04.21"]
[Round "8.29"]
[White "Putar, Lara"]
[Black "Hafstad, Leif"]
[Result "0-1"]
[WhiteElo "1641"]
[BlackElo "1857"]
[WhiteICU "1506"]
[WhiteNationality "CRO"]
[BlackNationality "ENG"]
[WhiteFideId "14546604"]
[BlackFideId "438030"]
[PlyCount "60"]
[EventDate "2019.04.17"]
[HashCode "364daa1f"]

{ Event information: <a
href="http://www.irlchess.com/irishopen2019_allfiles/pairings_irishopen2019.html">Tournament
report</a>. }

1. d4 Nf6 2. c4 e6 3. Nf3 Bb4+ 4. Bd2 a5 5. a3 Bxd2+ 6. Nbxd2 Nc6 7. g3 d6
8. Bg2 O-O 9. O-O e5 10. dxe5 dxe5 11. Qc2 Qe7 12. Rfd1 e4 13. Ng5 e3 14.
Nde4 exf2+ 15. Nxf2 Qe3 16. Ne4 Ng4 17. Rd3 Qh6 18. Nxg4 Bxg4 19. Nf2 Bf5
20. e4 Be6 21. Rad1 Ne5 22. Rc3 Rfd8 23. Nd3 Ng4 24. Nf4 Qxh2+ 25. Kf1
Bxc4+ 26. Ne2 Qh6 27. Rxd8+ Rxd8 28. Kg1 Rd2 29. Qa4 b5 30. Qxa5 Rd1+ 0-1

[Event "Irish International Open 2019"]
[Site "Dublin IRL"]
[Date "2019.04.21"]
[Round "8.30"]
[White "Harrington, Eoin"]
[Black "O'Mahoney, Keegan"]
[Result "0-1"]
[WhiteElo "1585"]
[BlackElo "1875"]
[WhiteICU "1153"]
[BlackICU "1857"]
[WhiteClub "Ballyroan C.C."]
[BlackClub "Cork"]
[WhiteNationality "IRL"]
[BlackNationality "IRL"]
[WhiteFideId "2513196"]
[BlackFideId "2506190"]
[PlyCount "108"]
[EventDate "2019.04.17"]
[HashCode "70eb11f6"]

{ Event information: <a
href="http://www.irlchess.com/irishopen2019_allfiles/pairings_irishopen2019.html">Tournament
report</a>. }

1. e4 d6 2. d4 Nf6 3. Nc3 Nbd7 4. f4 e5 5. Nf3 exd4 6. Nxd4 Be7 7. Bd3 O-O
8. O-O Nc5 9. h3 d5 10. exd5 Nxd3 11. Qxd3 Nxd5 12. Nxd5 Qxd5 13. Nf3 Qxd3
14. cxd3 Bf5 15. d4 h5 16. Bd2 Rad8 17. Bc3 c6 18. Rfe1 Bd6 19. Bd2 f6 20.
Rac1 Kf7 21. a3 Bc7 22. b4 Bb6 23. Bc3 Rd5 24. Re3 Bc7 25. Rce1 Rd7 26. Nh4
Bh7 27. g3 Bb6 28. Nf3 Rfd8 29. Kg2 Kf8 30. Kf2 Bf5 31. Kg2 Bg6 32. a4 a6
33. Kf2 Bf7 34. g4 Bd5 35. Nh4 Bf7 36. Nf3 Ba7 37. a5 Bb8 38. f5 Ba7 39.
R3e2 Bd5 40. Nh4 Bf7 41. Nf3 Bc4 42. Rd2 Kf7 43. Rb2 Rh8 44. Rd2 Bd5 45.
Rg1 hxg4 46. hxg4 Bb8 47. Rd3 Kf8 48. Bb2 Rh3 49. Bc3 Bf4 50. Ne1 Rh2+ 51.
Kf1 Bc4 52. Rg2 Rh3 53. Rf2 Bxd3+ 54. Nxd3 Rxd3 0-1

[Event "Irish International Open 2019"]
[Site "Dublin IRL"]
[Date "2019.04.21"]
[Round "8.31"]
[White "Honner, Mervyn"]
[Black "Murphy, Sean"]
[Result "1-0"]
[WhiteElo "1441"]
[BlackElo "1853"]
[WhiteICU "1226"]
[BlackICU "1713"]
[WhiteClub "Bray"]
[BlackClub "Elm Mount"]
[WhiteNationality "IRL"]
[BlackNationality "IRL"]
[WhiteFideId "2504847"]
[BlackFideId "2503778"]
[PlyCount "90"]
[EventDate "2019.04.17"]
[BlackFullName "Murphy, Se&aacute;n"]
[HashCode "5a543d5c"]

{ Event information: <a
href="http://www.irlchess.com/irishopen2019_allfiles/pairings_irishopen2019.html">Tournament
report</a>. }

1. e4 c5 2. Nf3 d6 3. Bb5+ Bd7 4. Bxd7+ Nxd7 5. Nc3 Ngf6 6. d4 cxd4 7. Nxd4
a6 8. Nf5 g6 9. Nh6 Qa5 10. Bd2 Qb6 11. b3 Rc8 12. Qf3 Ne5 13. Qh3 Qc6 14.
O-O Bxh6 15. Qxh6 Nxe4 16. Nxe4 Qxe4 17. Rac1 Qf5 18. h3 Kd7 19. f4 Nc6 20.
Be3 Kc7 21. c4 Kb8 22. c5 d5 23. g4 Qd7 24. f5 gxf5 25. Rxf5 Rcf8 26. Bf4+
Ka8 27. Rd1 e6 28. Rg5 f6 29. Rg7 Rf7 30. Rxf7 Qxf7 31. Bd6 Rg8 32. Rf1 Rg6
33. Qd2 Qg8 34. Kh2 e5 35. a4 d4 36. b4 Qb3 37. b5 Nb4 38. c6 bxc6 39. Bxb4
h5 40. Rg1 hxg4 41. Rxg4 Rxg4 42. hxg4 cxb5 43. Qg2+ Kb8 44. Bd6+ Kc8 45.
Qc6+ Kd8 1-0

[Event "Irish International Open 2019"]
[Site "Dublin IRL"]
[Date "2019.04.21"]
[Round "8.33"]
[White "Burg, Henk"]
[Black "Carolan, James"]
[Result "1-0"]
[WhiteElo "1719"]
[BlackElo "1268"]
[BlackICU "1243"]
[BlackClub "Sligo"]
[WhiteNationality "NED"]
[BlackNationality "IRL"]
[WhiteFideId "1017691"]
[BlackFideId "2513072"]
[PlyCount "61"]
[EventDate "2019.04.17"]
[HashCode "395e59aa"]

{ Event information: <a
href="http://www.irlchess.com/irishopen2019_allfiles/pairings_irishopen2019.html">Tournament
report</a>. }

1. e4 c5 2. Nf3 d6 3. d4 cxd4 4. Nxd4 Nf6 5. Nc3 a6 6. Be2 e5 7. Nb3 Be7 8.
Be3 Be6 9. O-O O-O 10. f4 Qc7 11. Bf3 Rd8 12. Qe2 d5 13. exd5 Nxd5 14. Nxd5
Bxd5 15. Bxd5 Rxd5 16. Qf3 Qd6 17. fxe5 Qg6 18. Qxd5 Nc6 19. c3 Rd8 20. Qf3
Rd3 21. Qf2 Nxe5 22. Bd4 Ng4 23. Qf5 Qxf5 24. Rxf5 Bd6 25. h3 Ne3 26. Bxe3
Rxe3 27. Rd5 Be7 28. Rad1 Kf8 29. Kf2 Re6 30. Nd4 Rf6+ 31. Kg1 1-0

[Event "Irish International Open 2019"]
[Site "Dublin IRL"]
[Date "2019.04.21"]
[Round "8.34"]
[White "Wang, Eric"]
[Black "Sokolinsky, Yaakov"]
[Result "0-1"]
[WhiteElo "1268"]
[BlackElo "1884"]
[WhiteICU "1115"]
[WhiteClub "St. Benildus"]
[WhiteNationality "IRL"]
[BlackNationality "ISR"]
[WhiteFideId "2511320"]
[BlackFideId "2815435"]
[PlyCount "48"]
[EventDate "2019.04.17"]
[HashCode "2f0b37b0"]

{ Event information: <a
href="http://www.irlchess.com/irishopen2019_allfiles/pairings_irishopen2019.html">Tournament
report</a>. }

1. e4 c6 2. d4 d5 3. Nc3 dxe4 4. Nxe4 Bf5 5. Ng3 Bg6 6. Nf3 Nd7 7. Bc4 e6
8. O-O Bd6 9. Be3 Ngf6 10. Nh4 Nd5 11. Nxg6 hxg6 12. Ne4 Bxh2+ 13. Kh1 Qh4
14. Ng5 Nxe3 15. fxe3 Qxg5 16. g4 Qh4 17. Qe2 Bf4+ 18. Kg1 Qg3+ 19. Qg2
Bxe3+ 20. Rf2 Bxf2+ 21. Kf1 Qf4 22. Qxf2 Rh1+ 23. Kg2 Rh2+ 24. Kg1 Qxf2#
0-1

[Event "Irish International Open 2019"]
[Site "Dublin IRL"]
[Date "2019.04.21"]
[Round "8.35"]
[White "Remenyik, David"]
[Black "Farrelly, Eoin"]
[Result "1/2-1/2"]
[WhiteElo "1798"]
[BlackElo "1644"]
[WhiteICU "1844"]
[BlackICU "1384"]
[WhiteNationality "IRL"]
[BlackNationality "IRL"]
[WhiteFideId "368178515"]
[BlackFideId "2510359"]
[PlyCount "98"]
[EventDate "2019.04.17"]
[HashCode "67417c4f"]

{ Event information: <a
href="http://www.irlchess.com/irishopen2019_allfiles/pairings_irishopen2019.html">Tournament
report</a>. }

1. d4 d5 2. c4 e6 3. Nc3 Nf6 4. Bg5 Be7 5. e3 h6 6. Bh4 b6 7. Qa4+ c6 8.
cxd5 exd5 9. Nf3 O-O 10. Be2 Bb7 11. O-O Nbd7 12. b4 a5 13. b5 c5 14. Rfd1
Qc7 15. Rac1 Bd6 16. Qb3 Rfe8 17. Bg3 c4 18. Qb2 Bxg3 19. hxg3 Ne4 20. Nd2
Ndf6 21. Bf3 Nxc3 22. Rxc3 Qd6 23. Nxc4 Qe6 24. Ne5 Rac8 25. Rdc1 Rxc3 26.
Rxc3 Rc8 27. Qc2 Rxc3 28. Qxc3 Qc8 29. Qxc8+ Bxc8 30. g4 Kf8 31. Kf1 Ke7
32. Ke2 Be6 33. Kd2 Ne4+ 34. Bxe4 dxe4 35. a3 f6 36. Nc6+ Kd6 37. Kc3 Bxg4
38. Na7 Be2 39. Nc8+ Kc7 40. Ne7 h5 41. Nf5 g5 42. Ng3 Bxb5 43. Nxh5 f5 44.
Ng3 Bd7 45. f3 exf3 46. gxf3 g4 47. fxg4 fxg4 48. e4 Kd6 49. Kd3 Ke6
1/2-1/2

[Event "Irish International Open 2019"]
[Site "Dublin IRL"]
[Date "2019.04.21"]
[Round "8.36"]
[White "Tempany, Max"]
[Black "Boyle, Bernard"]
[Result "0-1"]
[WhiteElo "1519"]
[BlackElo "1799"]
[WhiteICU "1400"]
[BlackICU "1708"]
[WhiteClub "Gonzaga"]
[BlackClub "Elm Mount"]
[WhiteNationality "IRL"]
[BlackNationality "IRL"]
[WhiteFideId "2511452"]
[BlackFideId "2501830"]
[PlyCount "111"]
[EventDate "2019.04.17"]
[HashCode "70318310"]

{ Event information: <a
href="http://www.irlchess.com/irishopen2019_allfiles/pairings_irishopen2019.html">Tournament
report</a>. }

1. e4 e6 2. d4 d5 3. Nc3 Nf6 4. e5 Nfd7 5. f4 c5 6. Nf3 Nc6 7. Be3 Qb6 8.
Na4 Qa5+ 9. c3 c4 10. b4 Nxb4 11. cxb4 Bxb4+ 12. Kf2 b5 13. Nb2 Nb6 14. Qc2
Be7 15. Be2 Bd7 16. Rhc1 Rc8 17. Nd1 b4 18. Kg1 Na4 19. g4 h5 20. g5 g6 21.
Nh4 Rg8 22. Bxh5 gxh5 23. Qh7 Rf8 24. Qxh5 b3 25. axb3 Qe1+ 26. Kg2 Nb2 27.
Nf3 Qe2+ 28. Bf2 Nxd1 29. Rxd1 cxb3 30. g6 Rc2 31. gxf7+ Rxf7 32. Rf1 b2
33. Rae1 Qc4 34. Rb1 Kd8 35. Qxf7 Qa6 36. h4 Bb5 37. Rh1 Bd3 38. h5 Be4 39.
Qg8+ Kd7 40. Qg3 Rc3 41. h6 Rxf3 42. Qxf3 Bxf3+ 43. Kxf3 Qd3+ 44. Be3 Bf8
45. h7 Bg7 46. Rxb2 Qe4+ 47. Ke2 Qg2+ 48. Bf2 Qxh1 49. Rb7+ Kc6 50. Rxg7 a5
51. f5 Qh5+ 52. Ke1 Qh6 53. f6 a4 54. Ra7 Kb6 55. Rxa4 Qxh7 56. Ra1 $4 (56.
Rb4+ $10) 0-1

[Event "Irish International Open 2019"]
[Site "Dublin IRL"]
[Date "2019.04.21"]
[Round "8.37"]
[White "Avetisyan, Gagik"]
[Black "Jocius, Donatas"]
[Result "0-1"]
[WhiteElo "1474"]
[BlackElo "1773"]
[WhiteICU "1541"]
[BlackICU "1664"]
[WhiteClub "Armenian C.C."]
[BlackClub "Rathmines"]
[WhiteNationality "IRL"]
[BlackNationality "IRL"]
[WhiteFideId "2512270"]
[BlackFideId "2509032"]
[PlyCount "110"]
[EventDate "2019.04.17"]
[HashCode "6604d0a4"]

{ Event information: <a
href="http://www.irlchess.com/irishopen2019_allfiles/pairings_irishopen2019.html">Tournament
report</a>. }

1. d4 d5 2. c4 c6 3. Nc3 e6 4. Nf3 dxc4 5. g3 Nd7 6. Bg2 Ngf6 7. a4 a5 8.
O-O Be7 9. Qc2 Nd5 10. Nxd5 cxd5 11. Nd2 Qb6 12. Nf3 Nf6 13. Bg5 Bd7 14.
Rfd1 h6 15. Bd2 Ne4 16. Bc3 Bb4 17. Nd2 Nxd2 18. Qxd2 O-O-O 19. Qc2 Bc6 20.
Rab1 Kb8 21. e4 g6 22. e5 Rc8 23. f4 h5 24. h4 Qc7 25. Ra1 Qe7 26. Qd2 Kc7
27. Kf2 Ra8 28. Bf3 Ra6 29. Be2 Rb6 30. Rdb1 Ra8 31. Qc2 Raa6 32. Qd1 Bxc3
33. bxc3 Rxb1 34. Rxb1 Qa3 35. Qc2 Bxa4 36. Qb2 Qxb2 37. Rxb2 Bb3 38. Rb1
a4 39. g4 hxg4 40. Bxg4 a3 41. h5 Bc2 42. Ra1 gxh5 43. Bxh5 Bg6 44. Bxg6
fxg6 45. Ke2 Kc6 46. Kd2 b5 47. Kc2 b4 48. cxb4 Kb5 49. Kc3 a2 50. Kb2 Kxb4
51. Rxa2 c3+ 52. Kb1 Rxa2 53. Kxa2 Kc4 54. Kb1 Kd3 55. Kc1 c2 0-1

[Event "Irish International Open 2019"]
[Site "Dublin IRL"]
[Date "2019.04.21"]
[Round "8.38"]
[White "Opseth, Oliver"]
[Black "Murray, Sam"]
[Result "0-1"]
[WhiteElo "1739"]
[BlackElo "1554"]
[BlackICU "1521"]
[BlackClub "Gonzaga"]
[WhiteNationality "NOR"]
[BlackNationality "IRL"]
[WhiteFideId "1523813"]
[BlackFideId "2508958"]
[PlyCount "112"]
[EventDate "2019.04.17"]
[HashCode "6c44f435"]

{ Event information: <a
href="http://www.irlchess.com/irishopen2019_allfiles/pairings_irishopen2019.html">Tournament
report</a>. }

1. d4 Nf6 2. Bf4 c6 3. e3 g5 4. Bg3 h5 5. Nd2 d5 6. Bd3 h4 7. Be5 Nbd7 8.
c4 Nxe5 9. dxe5 Ng4 10. Ngf3 Bg7 11. Qb3 e6 12. h3 Nxe5 13. Nxe5 Bxe5 14.
O-O-O Qb6 15. Qc2 Bd7 16. Rhf1 Bf6 17. e4 a5 18. f4 a4 19. c5 Qa5 20. a3
gxf4 21. Rxf4 Be7 22. exd5 cxd5 23. Nf3 Rc8 24. Kb1 Bxc5 25. Qe2 Qc7 26.
Ne5 Bd6 27. Nxf7 Bxf4 28. Nxh8 Qe5 29. Qg4 Qg5 30. Qf3 Qg3 31. Qh5+ Ke7 32.
Ng6+ Kd6 33. Nxf4 Qxf4 34. Qe2 Rf8 35. Qe1 Ke7 36. Qc3 Rc8 37. Qg7+ Kd6 38.
Qg6 b5 39. Be4 Rc1+ 40. Rxc1 Qxe4+ 41. Qxe4 dxe4 42. Rd1+ Kc7 43. Kc2 Bc6
44. Re1 Kd6 45. Kc3 Ke5 46. Rf1 e3 47. Kd3 Bxg2 48. Re1 Kd5 49. Rxe3 e5 50.
Re1 Bxh3 51. Ke3 Bg2 52. Rd1+ Kc4 53. Rd2 h3 54. Kf2 e4 55. Rd8 Kb3 56. Rd2
e3+ 0-1

[Event "Irish International Open 2019"]
[Site "Dublin IRL"]
[Date "2019.04.21"]
[Round "8.39"]
[White "Pitkeathly, Hamish"]
[Black "Mancin, Michele"]
[Result "0-1"]
[WhiteElo "1511"]
[BlackElo "1706"]
[WhiteNationality "ENG"]
[BlackNationality "ITA"]
[WhiteFideId "426768"]
[BlackFideId "824780"]
[PlyCount "56"]
[EventDate "2019.04.17"]
[HashCode "3b5097f5"]

{ Event information: <a
href="http://www.irlchess.com/irishopen2019_allfiles/pairings_irishopen2019.html">Tournament
report</a>. }

1. e4 c5 2. Nf3 d6 3. d4 cxd4 4. Nxd4 Nf6 5. Nc3 a6 6. Be3 e6 7. Be2 b5 8.
f4 Qc7 9. O-O Bb7 10. Bd3 b4 11. Nce2 Nxe4 12. Rc1 Be7 13. Nf3 O-O 14. Ng5
Nxg5 15. fxg5 Qa5 16. Qd2 Nd7 17. c4 Ne5 18. Bb1 Ng4 19. Qc2 g6 20. Bd2
Qc5+ 21. Kh1 Nf2+ 22. Kg1 Nd3+ 23. Kh1 Nxc1 24. Qxc1 d5 25. Qe1 dxc4 26.
Qh4 Qd5 27. Nf4 Qxd2 28. Qh3 e5 0-1

[Event "Irish International Open 2019"]
[Site "Dublin IRL"]
[Date "2019.04.21"]
[Round "8.43"]
[White "Jordan, Felix"]
[Black "Fitzpatrick, Kevin"]
[Result "1-0"]
[WhiteElo "1538"]
[BlackElo "1427"]
[WhiteICU "1442"]
[BlackICU "1249"]
[WhiteClub "St. Benildus"]
[BlackClub "Galway"]
[WhiteNationality "IRL"]
[BlackNationality "IRL"]
[WhiteFideId "2510324"]
[BlackFideId "2505886"]
[PlyCount "121"]
[EventDate "2019.04.17"]
[HashCode "7b5a0c94"]

{ Event information: <a
href="http://www.irlchess.com/irishopen2019_allfiles/pairings_irishopen2019.html">Tournament
report</a>. }

1. e4 c5 2. Nf3 Nc6 3. d4 b6 4. d5 Nb8 5. c4 d6 6. h3 e5 7. Nc3 h6 8. Be3
Be7 9. a3 Nf6 10. Bd3 Nh7 11. b4 O-O 12. g4 g5 13. Rg1 f6 14. h4 Kf7 15.
hxg5 fxg5 16. bxc5 bxc5 17. Bc2 Nf6 18. Nh2 Qa5 19. Bd2 Bd7 20. f3 Qa6 21.
Bd3 Rh8 22. Nb5 Qc8 23. Nf1 a6 24. Nc3 Qg8 25. Ng3 Qd8 26. Nf5 Bxf5 27.
exf5 Ng8 28. Ne4 Nd7 29. Qc2 Ngf6 30. Ke2 Qc7 31. Rh1 Nxe4 32. Bxe4 Bf6 33.
Rh2 Bg7 34. Rah1 Nf6 35. Rb1 Rhb8 36. Rhh1 Nxe4 37. fxe4 Kg8 38. Rbf1 Qf7
39. f6 Bf8 40. Rf5 Rb7 41. Bxg5 Rab8 42. Bc1 Qg6 43. Rg1 Kf7 44. Qa4 h5 45.
g5 h4 46. Kf2 Rb6 47. Qd7+ Kg8 48. Qe6+ Kh7 49. f7 Rb2+ 50. Bxb2 Rxb2+ 51.
Ke3 Rb3+ 52. Kd2 Qxe6 53. dxe6 Kg7 54. g6 Rxa3 55. Rh5 h3 56. Rh7+ Kf6 57.
g7 Ra2+ 58. Kc3 h2 59. Rxh2 Rxh2 60. gxf8=Q Rh3+ 61. Kd2 1-0

[Event "Irish International Open 2019"]
[Site "Dublin IRL"]
[Date "2019.04.21"]
[Round "8.44"]
[White "Robinson, Nette"]
[Black "O'Connell, Michael Joseph"]
[Result "0-1"]
[WhiteElo "1343"]
[BlackElo "1508"]
[BlackICU "1235"]
[BlackClub "Curragh"]
[WhiteNationality "ENG"]
[BlackNationality "IRL"]
[WhiteFideId "441996"]
[BlackFideId "2507676"]
[PlyCount "72"]
[EventDate "2019.04.17"]
[HashCode "418e771b"]

{ Event information: <a
href="http://www.irlchess.com/irishopen2019_allfiles/pairings_irishopen2019.html">Tournament
report</a>. }

1. Nf3 f5 2. c4 e6 3. e3 Nf6 4. b3 Be7 5. Be2 O-O 6. O-O c6 7. d4 d5 8.
Nbd2 Nbd7 9. a4 Ne4 10. cxd5 exd5 11. Bb2 a5 12. Ne5 Bb4 13. Ndf3 Qf6 14.
Nd3 Bd6 15. Nf4 Qh6 16. Ba3 Bxa3 17. Rxa3 Kh8 18. Qc2 g5 19. Nd3 Ndf6 20.
Nfe5 g4 21. Nc5 g3 22. fxg3 Qxe3+ 23. Kh1 Qxd4 24. Nf3 Qxc5 25. Qb2 Nf2+
26. Rxf2 Qxf2 27. Ra1 b6 28. Rc1 c5 29. Qe5 Kg8 30. Bd3 Bb7 31. Qe6+ Kg7
32. Qe7+ Rf7 33. Qe5 d4 34. Qxf5 Bxf3 35. gxf3 Re8 36. Qh3 Qxf3+ 0-1

[Event "Irish International Open 2019"]
[Site "Dublin IRL"]
[Date "2019.04.22"]
[Round "9.1"]
[White "Larino Nieto, David"]
[Black "Ruck, Robert"]
[Result "0-1"]
[WhiteTitle "GM"]
[BlackTitle "GM"]
[WhiteElo "2434"]
[BlackElo "2522"]
[WhiteNationality "ESP"]
[BlackNationality "HUN"]
[WhiteFideId "2256444"]
[BlackFideId "705713"]
[PlyCount "168"]
[EventDate "2019.04.17"]
[WhiteFullName "Lari&ntilde;o Nieto, David"]
[ICUid "50284"]
[HashCode "a49a1b09"]

{ Annotator: Alexander Baburin, <em>Chess Today</em> 117 (6745), 27 April
2019. } { Event information: <a
href="http://www.irlchess.com/irishopen2019_allfiles/pairings_irishopen2019.html">Tournament
report</a>. }

1. b3 b6 2. Nf3 Bb7 3. e3 Nf6 4. Bb2 e6 5. c4 c5 6. Nc3 Be7 7. Be2 O-O 8.
Qc2 d5 9. cxd5 exd5 10. d4 Nc6 11. Rd1 cxd4 12. Nxd4 Nxd4 13. Rxd4 Rc8 14.
Qd3 Bc5 15. Ra4 Bc6 16. Nb5 Ne4 17. O-O Ra8 18. Ra6 Qd7 19. Nd4 Bb7 20. Ra4
a6 21. Nc2 Rfe8 22. f3 Nd6 23. Re1 a5 24. Bf1 Re6 25. Rh4 Rg6 26. a3 Qe7
27. Rh5 Ne8 28. Qd2 Nf6 29. Re5 Qc7 30. Bd3 Bd6 31. Bxg6 Bxe5 32. Bxe5 Qxe5
33. Bd3 g6 34. Nd4 Qe7 35. Qb2 Nd7 36. Bb5 Nc5 37. b4 axb4 38. axb4 Ne6 39.
Nxe6 Qxe6 40. Qd4 Rc8 41. Ra1 Qd6 42. Bd3 Qc7 43. Rd1 Re8 44. Bb5 Re6 45.
Ra1 Qe5 46. Qxe5 Rxe5 47. Ra7 d4 48. Bc4 dxe3 49. Rxb7 e2 50. Bxe2 Rxe2 51.
Rxb6 Rb2 52. h4 h5 53. Kh2 Kg7 54. Kg3 f6 55. Rb7+ Kh6 56. f4 Rb3+ 57. Kh2
g5 58. hxg5+ fxg5 59. Rb6+ Kg7 ({ "Can White in here? I don't think so.
Chess engines like the line ( } 59... Kg7 { ) } 60. fxg5 h4 61. b5 Kh7 62.
Rb8 Kg7 63. b6 { , but it's harmless for Black: } 63... Kh7 64. b7 Kg7 {
and Black can even afford to lose his last pawn. OK, White can't win, but
surely he can't lose, right? Wrong!" }) 60. f5 h4 61. b5 Kf7 62. Rb8 Kf6
63. Rf8+ Ke5 64. Rb8 Kxf5 65. Kg1 Kg4 66. b6 Kg3 67. Kf1 $4 ({ "After } 67.
Rf8 g4 68. Rf1 Rb2 69. Kh1 Rxb6 70. Ra1 Rb2 71. Rc1 Kf2 72. Ra1 g3 73. Rc1
{ Black would not have any real threats!" }) 67... Rb1+ 68. Ke2 Rb2+ 69.
Ke3 g4 70. b7 Rb1 71. Ke2 Rb6 ({ " } 71... Kxg2 72. Rg8 g3 73. b8=Q Rxb8
74. Rxb8 h3 $19 { " }) 72. Kf1 Rb2 73. Ke1 Rb5 74. Kf1 Rf5+ 75. Kg1 Rb5 76.
Kf1 Rb4 77. Ke2 Rb1 78. Ke3 Rb2 79. Kd3 Kxg2 80. Rg8 g3 81. b8=Q Rxb8 82.
Rxb8 Kh2 83. Ke3 g2 84. Rb2 Kh1 0-1

[Event "Irish International Open 2019"]
[Site "Dublin IRL"]
[Date "2019.04.22"]
[Round "9.3"]
[White "Jovanic, Ognjen"]
[Black "Saric, Ante"]
[Result "1/2-1/2"]
[WhiteTitle "GM"]
[BlackTitle "GM"]
[WhiteElo "2515"]
[BlackElo "2530"]
[WhiteNationality "CRO"]
[BlackNationality "CRO"]
[WhiteFideId "14504081"]
[BlackFideId "14506254"]
[PlyCount "45"]
[EventDate "2019.04.17"]
[WhiteFullName "Jovani&#263;, Ognjen"]
[BlackFullName "&#352;ari&#263;, Ante"]
[ICUid "50286"]
[HashCode "29740309"]

{ Event information: <a
href="http://www.irlchess.com/irishopen2019_allfiles/pairings_irishopen2019.html">Tournament
report</a>. }

1. d4 e6 2. Nf3 Nf6 3. c4 Bb4+ 4. Bd2 Bxd2+ 5. Qxd2 d5 6. e3 O-O 7. Nc3 Qe7
8. Rc1 Rd8 9. Qc2 dxc4 10. Bxc4 c5 11. O-O cxd4 12. Nxd4 Bd7 13. Rfd1 Nc6
14. Nf3 Rac8 15. a3 Be8 16. Be2 h6 17. h3 Rxd1+ 18. Rxd1 Rd8 19. Rxd8 Qxd8
20. Qd3 Qxd3 21. Bxd3 Kf8 22. Kf1 Ke7 23. Ke2 1/2-1/2

[Event "Irish International Open 2019"]
[Site "Dublin IRL"]
[Date "2019.04.22"]
[Round "9.10"]
[White "Longson, Sarah N."]
[Black "Brady, Stephen"]
[Result "1/2-1/2"]
[WhiteTitle "WFM"]
[BlackTitle "FM"]
[WhiteElo "2123"]
[BlackElo "2301"]
[BlackICU "2278"]
[BlackClub "St. Benildus"]
[WhiteNationality "ENG"]
[BlackNationality "IRL"]
[WhiteFideId "2501465"]
[BlackFideId "2500124"]
[PlyCount "120"]
[EventDate "2019.04.17"]
[ICUid "50293"]
[HashCode "76c97004"]

{ Event information: <a
href="http://www.irlchess.com/irishopen2019_allfiles/pairings_irishopen2019.html">Tournament
report</a>. }

1. e4 d5 2. exd5 Qxd5 3. Nc3 Qa5 4. d4 Nf6 5. Bc4 Bf5 6. Bd2 c6 7. Nd5 Qd8
8. Nxf6+ gxf6 9. Nf3 Nd7 10. c3 Nb6 11. Bb3 e6 12. Qe2 Bd6 13. Nh4 Bg6 14.
g3 Qc7 15. c4 c5 16. d5 O-O-O 17. Nxg6 hxg6 18. dxe6 Rhe8 19. O-O-O Rxe6
20. Qg4 f5 21. Qg5 Re4 22. Rhe1 Rde8 23. Rxe4 Rxe4 24. Re1 Rxe1+ 25. Bxe1
Qc6 26. Qe3 Kd7 27. h4 f4 28. Qe2 Qh1 29. Kd1 Kc7 30. Qe8 Qf3+ 31. Qe2
Qxe2+ 32. Kxe2 fxg3 33. fxg3 Be5 34. g4 Nd7 35. Bc3 Bxc3 36. bxc3 Kd6 37.
Ke3 Ke5 38. Ba4 Nf6 39. Kf3 Ne4 40. h5 gxh5 41. gxh5 f5 42. Bc2 Ng5+ 43.
Kg3 Nf7 44. Kf3 Nh6 45. Bd3 Nf7 46. Bc2 Ng5+ 47. Kg3 Nf7 48. Kf3 Nh6 49.
Bd3 Ng4 50. Bc2 b6 51. Bd3 Nh6 52. Bc2 Nf7 53. Bd3 Ng5+ 54. Kg3 Nf7 55. Kf3
Nh6 56. Bc2 a6 57. Bd3 Ng8 58. Bc2 Nh6 59. Bd3 Nf7 60. Bc2 Ng5+ 1/2-1/2

[Event "Irish International Open 2019"]
[Site "Dublin IRL"]
[Date "2019.04.22"]
[Round "9.11"]
[White "Horvath, Gabor"]
[Black "Fox, Anthony"]
[Result "1/2-1/2"]
[WhiteTitle "CM"]
[WhiteElo "2252"]
[BlackElo "2031"]
[WhiteICU "2087"]
[BlackICU "2012"]
[WhiteClub "Galway"]
[BlackClub "Dun Laoghaire"]
[WhiteNationality "HUN"]
[BlackNationality "IRL"]
[WhiteFideId "720003"]
[BlackFideId "2500736"]
[PlyCount "85"]
[EventDate "2019.04.17"]
[WhiteFullName "Horv&aacute;th, G&aacute;bor"]
[ICUid "50294"]
[HashCode "4fa9e3e1"]

{ Event information: <a
href="http://www.irlchess.com/irishopen2019_allfiles/pairings_irishopen2019.html">Tournament
report</a>. }

1. e4 e5 2. Nf3 Nc6 3. Bb5 a6 4. Ba4 Nf6 5. O-O Be7 6. Re1 b5 7. Bb3 d6 8.
c3 O-O 9. h3 Bb7 10. d4 Re8 11. Nbd2 Bf8 12. d5 Nb8 13. Nf1 Nbd7 14. Ng3
Nc5 15. Bc2 c6 16. b4 Ncd7 17. dxc6 Bxc6 18. Bb3 h6 19. Nh2 g6 20. Ng4 Nxg4
21. hxg4 Qh4 22. Qf3 Qf6 23. Qe2 Qh4 24. Qf3 Qf6 25. Qd1 Qh4 26. Nf1 Nf6
27. f3 Nd7 28. g3 Qe7 29. Be3 Red8 30. Qd2 g5 31. Bf2 Nf6 32. Ne3 Qb7 33.
Rad1 Rac8 34. Qd3 Rd7 35. Rd2 Rcd8 36. Bd5 Rc8 37. Rc1 Rdc7 38. Rdc2 Nxd5
39. exd5 Bd7 40. Qe4 Qb8 41. a3 Qb7 42. c4 Qb8 43. Kg2 1/2-1/2